| 000 | 00551nam a22001457a 4500 | ||
|---|---|---|---|
| 003 | macl | ||
| 005 | 20170203164148.0 | ||
| 008 | 170203b xxu||||| |||| 00| 0 eng d | ||
| 040 | _cmacl | ||
| 100 |
_aगजभिये प्रभाकर _966718 |
||
| 245 | _aमैं डॉ भीमराव अंबेडकर बोल रहा हॅू भाग 1 | ||
| 260 |
_aदिल्ली _bपुष्पांजलि प्रकाशन _c2015 |
||
| 650 |
_aसामाजिक अध्ययन _966759 |
||
| 942 |
_2ddc _cHIN |
||
| 999 |
_c56077 _d56077 |
||